| 000 | 01255nam a22003497a 4500 | ||
|---|---|---|---|
| 003 | CHAP | ||
| 005 | 20220329141631.0 | ||
| 008 | 971013s1986 r 00010 d | ||
| 010 | _a71360 | ||
| 011 | _a72332 | ||
| 035 | _a81887 | ||
| 040 | _cCHAP | ||
| 090 | _aTesis | ||
| 100 | 0 | 0 |
_aCamargo Camargo, José Alberto. _917735 |
| 245 |
_aHelmintos del abomaso de bovinos en la regíon del valle del Mezquital _b: estado de Hidalgo |
||
| 260 |
_aPuebla, Pue. : _bEl autor, _c1986 |
||
| 300 |
_a25 h. _b: gráfs. |
||
| 502 | _aTesis (Médico Veterinario Zootecnista) -- Escuela Superior de Medicina Veterinaria y Zootecnia, A. C. | ||
| 590 |
_aALEPH _b10 _c20130110 _lUCH01 _h1411 |
||
| 590 |
_aBATCH-UPD _b10 _c20130110 _lUCH01 _h0050 |
||
| 590 |
_aBATCH-UPD _b10 _c20130110 _lUCH01 _h2100 |
||
| 590 |
_aBATCH-UPD _b10 _c20130409 _lUCH01 _h2036 |
||
| 590 |
_aBATCH-UPD _b10 _c20130410 _lUCH01 _h1412 |
||
| 590 |
_aBATCH-UPD _b10 _c20130914 _lUCH01 _h0820 |
||
| 590 |
_aCONVERSION _b10 _c20130109 _lUCH01 _h1339 |
||
| 650 | 1 | 4 |
_aGanado vacuno _xHidalgo. _945473 |
| 650 | 1 | 4 |
_aGanado vacuno _xParásitos. _945500 |
| 650 | 1 | 4 |
_aHelmintos parásitos de animales domésticos. _953479 |
| 901 | _aBK | ||
| 942 | _cTESIS | ||
| 949 |
_bBC _cTES _d-35591 _eTS1 _h18841 _i81887 _si |
||
| 999 |
_c71360 _d71360 |
||